|
|
|
|
| LEADER |
01213ppm a22002658a 4500 |
| 001 |
00036097 |
| 005 |
20181115141108.0 |
| 008 |
170208s2016 ||||||viesd |
| 041 |
0 |
# |
|a vie
|
| 082 |
1 |
4 |
|b Đ113TR
|a 895.922 132 09
|
| 100 |
1 |
# |
|a Nguyễn, Thị Chính
|e Chủ nhiệm đề tài
|
| 245 |
1 |
0 |
|b Luận án tiến sĩ Văn học Việt Nam.Chuyên ngành: Văn học Việt Nam; Mã số: 62.22.01.21
|c Nguyễn Thị Chính; Người hướng dẫn: Đỗ Lai Thúy; Hoàng Đức Khoa
|a Đặc trưng thơ văn xuôi Việt Nam hiện đại
|
| 260 |
# |
# |
|b Huế
|c 2016
|a Huế
|
| 300 |
# |
# |
|a 154 tr. +phụ lục
|c 27 cm.
|
| 500 |
# |
# |
|a ĐTTS ghi: Đại Học Huế. Trường Đại học Khoa học
|
| 653 |
# |
# |
|a Luận Án
|
| 653 |
# |
# |
|a Văn học Việt Nam
|
| 653 |
# |
# |
|a Văn học
|
| 653 |
# |
# |
|a Thơ - Văn xuôi
|
| 700 |
1 |
# |
|a Đỗ Lai Thúy
|e Hướng dẫn khoa học
|
| 700 |
1 |
# |
|e Hướng dẫn khoa học
|a Hoàng Đức Khoa
|
| 852 |
# |
# |
|j LA.0000068
|
| 852 |
# |
# |
|b Kho đọc SĐH
|j LA.0000068
|
| 910 |
|
|
|d 08/02/2017
|
| 980 |
# |
# |
|a Trung tâm Học liệu Lê Vũ Hùng, Trường Đại học Đồng Tháp
|